Sudden Death - Countries - Statistics

General Stats
  • This quiz has been taken 284 times
  • The average score is 12 of 15
Answers on the Grid
Answers color-coded by a green-red scale on the quiz's grid according to % correct below.
Palau
Uganda
Yemen
Zambia
Tuvalu
St. Kitts and Nevis
F.S. Micronesia
Fiji
Ireland
Kyrgyzstan
Sierra Leone
San Marino
Seychelles
Marshall Islands
The Gambia
Wakanda
West Timor
Lampistan
Grekhova
Manhattan
St. Paul and Unova
Macronesia
Okinawa
Greenland
North Africa
Fodlan
Paldea
Scotland
Puerto Rico
Columbus Islands
 
Answer Stats
Answer % Correct
Ireland
84%
Yemen
84%
Fiji
82%
Uganda
82%
Sierra Leone
81%
Seychelles
80%
Kyrgyzstan
78%
San Marino
78%
Tuvalu
78%
Zambia
77%
Marshall Islands
76%
St. Kitts and Nevis
75%
Palau
74%
F.S. Micronesia
73%
The Gambia
63%
No matching quizzes found
Score Distribution
Percent of People with Each Score
Percentile by Number Answered
Your Score History
You have not taken this quiz